| 000 | 00694nam a2200229 a 4500 | ||
|---|---|---|---|
| 005 | 20140310183607.0 | ||
| 008 | 120614s19uu xx 00 eng d | ||
| 020 | _a9781425802622 | ||
| 050 |
_aLB 1050 _b.R224 2011 |
||
| 100 | _aRasinski, Timothy | ||
| 245 |
_aFluency through practice and performance / _cTimothy Rasinski, Lorraine Griffith, foreword by Lori Oczkus. |
||
| 260 |
_aCalifornia : _bShell Education. |
||
| 300 |
_a152 p. : _c24 cm. |
||
| 500 | _aIncludes bibliographical references. | ||
| 521 | _aEDU | ||
| 650 | _aReading | ||
| 650 |
_aReading _xRemedial english |
||
| 700 | _aGriffith, Lorraine | ||
| 700 | _aOczkus, Lori | ||
| 942 |
_cBK _2lcc _kFOR |
||
| 999 |
_c25190 _d25190 |
||